[Event "37th World U20 ch"]
[Site "Kozhikode IND"]
[Date "1998.11.28"]
[Round "11.18"]
[White "Kidambi, Sundararajan"]
[Black "Aliev, Rasim"]
[Result "1/2-1/2"]
[WhiteElo "2285"]
[BlackElo "2295"]
[EventDate "1998.11.17"]
[PlyCount "129"]

1.d4 d5 2.c4 e6 3.Nc3 Nf6 4.Bg5 Nbd7 5.e3 c6 6.Nf3 Qa5 7.Nd2 Bb4 8.Qc2 O-O
9.Be2 dxc4 10.Bxf6 Nxf6 11.Nxc4 Qc7 12.O-O b6 13.Rac1 Bb7 14.Bf3 Rac8 15.
a3 Be7 16.b4 Rfd8 17.Rfd1 Qb8 18.Qb3 Nd5 19.Ne4 Qa8 20.Ng3 Ba6 21.Ne5 c5 
22.dxc5 bxc5 23.b5 Qb8 24.Bxd5 Qxe5 25.Bc6 Qb8 26.Qa4 Bb7 27.Bxb7 Qxb7 28.
Qc4 Rd6 29.Ne4 Rcd8 30.Nc3 Rxd1+ 31.Rxd1 Rxd1+ 32.Nxd1 Qd7 33.Nc3 Qd2 34.
g3 Qc1+ 35.Kg2 Qxa3 36.Ne4 Qb4 37.Qd3 f5 38.Nd6 c4 39.Nxc4 Qxb5 40.e4 fxe4
41.Qxe4 Qd5 42.Kf3 Bc5 43.Qxd5 exd5 44.Ne5 Bb6 45.Nd3 Kf7 46.Nf4 d4 47.Ke4
g5 48.Nd3 Kf6 49.h3 Ke6 50.f4 gxf4 51.Nxf4+ Kd6 52.Nd3 a5 53.g4 Kc6 54.h4 
a4 55.g5 a3 56.h5 Kd6 57.Nc1 Bd8 58.g6 hxg6 59.hxg6 Bf6 60.Kd3 Kc5 61.Kc2 
Kc4 62.Kb1 Bg7 63.Ka2 Bf8 64.Kb1 Kd5 65.Ne2 1/2-1/2

[Event "37th World U20 ch"]
[Site "Kozhikode IND"]
[Date "1998.11.28"]
[Round "11.20"]
[White "Sutkovic, Damir"]
[Black "Khamrakulov, Ibragim"]
[Result "0-1"]
[WhiteElo "2205"]
[BlackElo "2315"]
[EventDate "1998.11.17"]
[PlyCount "74"]

1.c4 Nf6 2.Nc3 d5 3.cxd5 Nxd5 4.g3 g6 5.Bg2 Nb6 6.Nf3 Bg7 7.O-O O-O 8.d3 
Nc6 9.a4 Nd5 10.Bd2 Ndb4 11.Qc1 Re8 12.Nb5 a6 13.Na3 Nd5 14.Bh6 Bf6 15.Nc4
Bg4 16.Ra3 Qd7 17.Re1 e5 18.a5 Na7 19.Ne3 Nxe3 20.Bxe3 Nb5 21.Ra1 Bh3 22.
Bh1 Be6 23.Ng5 Bxg5 24.Bxg5 Bd5 25.e4 Bc6 26.Re3 Nd4 27.Ra3 Qg4 28.f4 exf4
29.Bxf4 Ne2+ 30.Rxe2 Qxe2 31.d4 Rxe4 32.Bxe4 Qxe4 33.Qd2 Qh1+ 34.Kf2 Qxh2+
35.Ke3 Re8+ 36.Kd3 Re2 37.Qc1 Be4+ 0-1

[Event "37th World U20 ch"]
[Site "Kozhikode IND"]
[Date "1998.11.28"]
[Round "11.21"]
[White "Williams, Simon"]
[Black "Bakre, Tejas"]
[Result "1/2-1/2"]
[WhiteElo "2335"]
[BlackElo "2290"]
[EventDate "1998.11.17"]
[PlyCount "62"]

1.c4 c5 2.Nc3 g6 3.g3 Bg7 4.Bg2 Nc6 5.d3 d6 6.e4 Nf6 7.Nge2 O-O 8.O-O Ne8 
9.Be3 Nd4 10.Rb1 a5 11.a3 Nc7 12.b4 axb4 13.axb4 b6 14.Qc1 Ra7 15.Bh6 Bb7 
16.Bxg7 Kxg7 17.Qb2 Ra6 18.Nxd4 cxd4 19.Nd5 e5 20.f4 Nxd5 21.cxd5 f6 22.
Rbc1 Qd7 23.fxe5 dxe5 24.Rc2 Raa8 25.Rfc1 Rac8 26.h4 Rxc2 27.Rxc2 Rc8 28.
Kh2 Rxc2 29.Qxc2 f5 30.Bh3 Qd6 31.Qc4 Kf6 1/2-1/2

[Event "37th World U20 ch"]
[Site "Kozhikode IND"]
[Date "1998.11.28"]
[Round "11.22"]
[White "Goldenberg, Danny"]
[Black "Dovramadiev, Tikhomir"]
[Result "0-1"]
[WhiteElo "2325"]
[BlackElo "2210"]
[EventDate "1998.11.17"]
[PlyCount "86"]

1.e4 c5 2.Nf3 Nc6 3.d4 cxd4 4.Nxd4 g6 5.Be3 Bg7 6.Nc3 Nf6 7.Bc4 Qa5 8.O-O 
O-O 9.Nb3 Qc7 10.f4 d6 11.Be2 a6 12.Bf3 b5 13.Rf2 Bb7 14.Nd5 Nxd5 15.exd5 
Nb8 16.Bd4 Nd7 17.Bxg7 Kxg7 18.Qd4+ Nf6 19.f5 Qc4 20.Qe3 Bxd5 21.Qxe7 g5 
22.Qxd6 Bxf3 23.Rxf3 Qxc2 24.h4 Rfd8 25.Qg3 g4 26.Rf2 Qd3 27.Qf4 h6 28.
Raf1 Rac8 29.Rd2 Qe4 30.Rxd8 Rxd8 31.Qxe4 Nxe4 32.Rf4 Rd1+ 33.Kh2 Nf6 34.
Nc5 g3+ 35.Kh3 Rh1+ 36.Kxg3 Nh5+ 37.Kg4 Nxf4 38.Kxf4 Rxh4+ 39.Kg3 Rc4 40.
Nxa6 Rc2 41.b4 Kf6 42.Nc5 Kxf5 43.Nb3 Ke5 0-1

[Event "37th World U20 ch"]
[Site "Kozhikode IND"]
[Date "1998.11.28"]
[Round "11.23"]
[White "Panchanathan, Magesh Chandran"]
[Black "Ramu, K."]
[Result "0-1"]
[WhiteElo "2280"]
[BlackElo "2125"]
[EventDate "1998.11.17"]
[PlyCount "74"]

1.e4 c5 2.Nf3 e6 3.d4 cxd4 4.Nxd4 a6 5.Bd3 g6 6.c4 Bg7 7.Nb3 Ne7 8.O-O O-O
9.Nc3 d5 10.exd5 exd5 11.c5 Nbc6 12.Na4 Be6 13.Bf4 Be5 14.Bxe5 Nxe5 15.Nb6
Rb8 16.Nd4 Nxd3 17.Qxd3 Qc7 18.Rac1 Rbd8 19.b4 Nc6 20.Nxc6 Qxc6 21.Qd4 f6 
22.a4 Bf7 23.Rfe1 Rfe8 24.Kf1 Kg7 25.f3 h5 26.Kf2 g5 27.Rcd1 h4 28.f4 Bh5 
29.Rc1 gxf4 30.Qxf4 Re4 31.Rxe4 dxe4 32.Rc4 Bg6 33.Rc3 Rd4 34.Rc4 Rd3 35.
Ke2 Bh5+ 36.Kf1 e3 37.Rd4 Ra3 0-1

[Event "37th World U20 ch"]
[Site "Kozhikode IND"]
[Date "1998.11.28"]
[Round "11.26"]
[White "De Wachter, Matthias"]
[Black "Radovanovic, Dusan"]
[Result "0-1"]
[WhiteElo "2170"]
[BlackElo "2225"]
[EventDate "1998.11.17"]
[PlyCount "84"]

1.d4 Nf6 2.c4 g6 3.Nc3 Bg7 4.e4 d6 5.Nf3 O-O 6.Be2 e5 7.d5 a5 8.Bg5 Na6 9.
Nd2 h5 10.a3 Qe8 11.Rb1 Nd7 12.O-O f6 13.Be3 Qe7 14.b4 f5 15.f3 f4 16.Bf2 
g5 17.c5 axb4 18.cxd6 cxd6 19.axb4 Rf6 20.Nb5 Rg6 21.Na7 Nf6 22.Nxc8 Rxc8 
23.Rc1 Rf8 24.Qa4 Nc7 25.Kh1 Nh7 26.Bb6 Ne8 27.Qa7 g4 28.Bd8 Qf7 29.Qa8 
Bf6 30.Bxf6 Nhxf6 31.Bb5 Rg7 32.Bxe8 Nxe8 33.Qa3 Qg6 34.Rfe1 Kh7 35.Qd3 
Rfg8 36.Nb3 Qg5 37.Na5 Qh4 38.Qe2 gxf3 39.gxf3 Qh3 40.Rc2 Rg2 41.Qxg2 Rxg2
42.Rxg2 Qxf3 0-1

[Event "37th World U20 ch"]
[Site "Kozhikode IND"]
[Date "1998.11.28"]
[Round "11.27"]
[White "Hossain, Enamul"]
[Black "Hansen, Torbjorn Ringdal"]
[Result "1/2-1/2"]
[WhiteElo "2335"]
[BlackElo "2060"]
[EventDate "1998.11.17"]
[PlyCount "70"]

1.c4 Nf6 2.Nf3 c5 3.g3 g6 4.Bg2 Nc6 5.O-O Bg7 6.d4 cxd4 7.Nxd4 Nxd4 8.Qxd4
O-O 9.Nc3 d6 10.Qd2 Rb8 11.b3 a6 12.Bb2 b5 13.cxb5 axb5 14.e4 Be6 15.Ne2 
b4 16.Nd4 Bd7 17.Rfc1 Qb6 18.Rc2 e5 19.Ne2 Ng4 20.Qe1 f5 21.Nc1 Bh6 22.Nd3
f4 23.Bc1 Qd4 24.Nb2 Rbc8 25.Rxc8 Bxc8 26.Qe2 fxg3 27.hxg3 Be6 28.Bf3 Bxc1
29.Rxc1 Rxf3 30.Qxf3 Qxb2 31.Rc7 Qxa2 32.Re7 Qxf2+ 33.Qxf2 Nxf2 34.Kxf2 
Bxb3 35.Rb7 Bf7 1/2-1/2

[Event "37th World U20 ch"]
[Site "Kozhikode IND"]
[Date "1998.11.28"]
[Round "11.28"]
[White "Belmonte, Diego Mariano"]
[Black "Medak, Bojan"]
[Result "1-0"]
[WhiteElo "2200"]
[BlackElo "2220"]
[EventDate "1998.11.17"]
[PlyCount "41"]

1.d4 d6 2.c4 e5 3.Nc3 Nc6 4.Nf3 g6 5.g3 Bg7 6.d5 Nce7 7.Bg2 h6 8.O-O f5 9.
Ne1 Nf6 10.e4 O-O 11.Nd3 g5 12.f4 exf4 13.gxf4 fxe4 14.fxg5 exd3 15.gxf6 
Rxf6 16.Rxf6 Bxf6 17.Bxh6 Nf5 18.Qg4+ Kh7 19.Qh5 Bd4+ 20.Be3+ Kg7 21.Qg4+ 
1-0

[Event "37th World U20 ch"]
[Site "Kozhikode IND"]
[Date "1998.11.28"]
[Round "11.29"]
[White "Beenish, Bhatia"]
[Black "Alvarez Marquez, Johan Carlos"]
[Result "1-0"]
[WhiteElo "2190"]
[BlackElo "2200"]
[EventDate "1998.11.17"]
[PlyCount "52"]

1.e4 c5 2.Nf3 d6 3.d4 cxd4 4.Nxd4 Nf6 5.Nc3 a6 6.Be2 e5 7.Nb3 Be7 8.O-O 
Be6 9.f4 Qc7 10.Kh1 O-O 11.f5 Bc4 12.g4 d5 13.g5 Nxe4 14.Nxe4 dxe4 15.f6 
Bd6 16.Bxc4 Qxc4 17.Be3 Rd8 18.fxg7 Nc6 19.Qh5 Bb4 20.Rf2 Kxg7 21.c3 Be7 
22.Raf1 Rf8 23.Nd2 Qe6 24.Nxe4 Qg6 25.Qh4 Rad8 26.Rf6 Bxf6 1-0

[Event "37th World U20 ch"]
[Site "Kozhikode IND"]
[Date "1998.11.28"]
[Round "11.31"]
[White "De Silva, Nirosh"]
[Black "Grotz, Harald"]
[Result "1-0"]
[WhiteElo "2025"]
[BlackElo "2225"]
[EventDate "1998.11.17"]
[PlyCount "123"]

1.e4 c5 2.Nf3 Nc6 3.d4 cxd4 4.Nxd4 Nf6 5.Nc3 d6 6.Bc4 e6 7.Be3 a6 8.Qe2 
Qc7 9.O-O-O Be7 10.Bb3 O-O 11.Nxc6 Qxc6 12.f3 b5 13.g4 Rb8 14.g5 Nd7 15.h4
Nc5 16.h5 Nxb3+ 17.axb3 b4 18.Na4 f5 19.gxf6 Bxf6 20.Qd2 Be7 21.Rdg1 Rf7 
22.Rg3 Bd7 23.Qg2 Kh8 24.Rg6 Bf6 25.h6 Rc8 26.hxg7+ Rxg7 27.Rxg7 Bxg7 28.
Qh2 Kg8 29.Nb6 Rc7 30.Nxd7 Qxd7 31.Qxh7+ Kf8 32.Bh6 Bxh6+ 33.Qxh6+ Qg7 34.
Qh8+ Qxh8 35.Rxh8+ Kg7 36.Rd8 Rc6 37.Rb8 a5 38.Ra8 Rc5 39.Ra6 Kf6 40.Rxd6 
Re5 41.c3 Kg5 42.cxb4 axb4 43.Kd2 Kf4 44.Ke2 Rh5 45.Rxe6 Rh2+ 46.Kd3 Kxf3 
47.Kc4 Rxb2 48.Kxb4 Ke3 49.Kc4 Rc2+ 50.Kb5 Kd4 51.b4 Rb2 52.Ka5 Kc4 53.
Rc6+ Kd4 54.b5 Kxe4 55.Ka6 Kd5 56.Rc1 Kd6 57.b6 Kd7 58.Ka7 Ra2+ 59.Kb8 Rb2
60.b7 Ra2 61.Rd1+ Ke7 62.Rd4 1-0

[Event "37th World U20 ch"]
[Site "Kozhikode IND"]
[Date "1998.11.28"]
[Round "11.32"]
[White "Uberoi, Arjun"]
[Black "Stinis, Steven"]
[Result "1/2-1/2"]
[WhiteElo "2070"]
[BlackElo "2005"]
[EventDate "1998.11.17"]
[PlyCount "49"]

1.d4 c5 2.dxc5 Na6 3.c4 Nxc5 4.Nc3 d6 5.e3 Nf6 6.Nf3 g6 7.Be2 Bg7 8.O-O 
O-O 9.Nd4 d5 10.Nb3 Nxb3 11.Qxb3 dxc4 12.Bxc4 a6 13.Rd1 Qc7 14.Nd5 Nxd5 
15.Bxd5 Rb8 16.Bd2 Bd7 17.Rac1 Bc6 18.Bb4 Be5 19.h3 Bd6 20.Bxd6 exd6 21.
Bxc6 bxc6 22.Qc3 c5 23.b3 a5 24.Qc4 Rfd8 25.Rd5 1/2-1/2

[Event "37th World U20 ch"]
[Site "Kozhikode IND"]
[Date "1998.11.28"]
[Round "11.33"]
[White "Kosmac, Blazimir"]
[Black "Menon, R. Praveen"]
[Result "1-0"]
[WhiteElo "2175"]
[BlackElo "2005"]
[EventDate "1998.11.17"]
[PlyCount "21"]

1.e4 c5 2.Nf3 d6 3.d4 cxd4 4.Nxd4 Nf6 5.Nc3 g6 6.f4 Bg7 7.e5 dxe5 8.fxe5 
Nh5 9.Bb5+ Kf8 10.Ne6+ fxe6 11.Qxd8+ 1-0

[Event "37th World U20 ch"]
[Site "Kozhikode IND"]
[Date "1998.11.29"]
[Round "12.1"]
[White "Sadvakasov, Darmen"]
[Black "Dao Thien Hai"]
[Result "1/2-1/2"]
[WhiteElo "2440"]
[BlackElo "2580"]
[EventDate "1998.11.17"]
[PlyCount "30"]

1.e4 c5 2.Nf3 e6 3.b3 b6 4.d4 cxd4 5.Nxd4 Bb7 6.Bd3 Qf6 7.c3 Bc5 8.Be3 Nc6
9.O-O Nge7 10.Nb5 O-O 11.Bxc5 bxc5 12.Nd6 Rab8 13.f4 e5 14.fxe5 Qxe5 15.
Bc4 Nd8 1/2-1/2

[Event "37th World U20 ch"]
[Site "Kozhikode IND"]
[Date "1998.11.29"]
[Round "12.2"]
[White "Jenni, Florian"]
[Black "Fedorchuk, Sergei"]
[Result "1/2-1/2"]
[WhiteElo "2430"]
[BlackElo "2415"]
[EventDate "1998.11.17"]
[PlyCount "29"]

1.e4 c5 2.Nf3 d6 3.d4 cxd4 4.Nxd4 Nf6 5.Nc3 a6 6.Be3 e6 7.g4 h5 8.gxh5 
Rxh5 9.Bg2 Nbd7 10.Qe2 Qc7 11.f4 Nb6 12.Bf3 Rh3 13.Bg2 Rh5 14.Bf3 Rh3 15.
Bg2 1/2-1/2

[Event "37th World U20 ch"]
[Site "Kozhikode IND"]
[Date "1998.11.29"]
[Round "12.3"]
[White "Sasikiran, Krishnan"]
[Black "Banikas, Hristos"]
[Result "1-0"]
[WhiteElo "2470"]
[BlackElo "2490"]
[EventDate "1998.11.17"]
[PlyCount "41"]

1.d4 Nf6 2.Nf3 g6 3.Bg5 Bg7 4.Nbd2 O-O 5.c3 d6 6.e4 c5 7.dxc5 dxc5 8.Bc4 
Nc6 9.O-O Qc7 10.Qe2 h6 11.Bxf6 exf6 12.Nh4 Ne7 13.f4 Re8 14.Rae1 Bd7 15.
f5 g5 16.Qh5 Rf8 17.e5 gxh4 18.exf6 Bxf6 19.Rxe7 Bxe7 20.Qg6+ Kh8 21.Qxh6+
1-0

[Event "37th World U20 ch"]
[Site "Kozhikode IND"]
[Date "1998.11.29"]
[Round "12.4"]
[White "Florean, Andrei"]
[Black "Zhang Zhong"]
[Result "0-1"]
[WhiteElo "2450"]
[BlackElo "2510"]
[EventDate "1998.11.17"]
[PlyCount "72"]

1.e4 e5 2.Nf3 Nc6 3.d4 exd4 4.Nxd4 Nf6 5.Nc3 Bb4 6.Nxc6 bxc6 7.Bd3 d5 8.
exd5 cxd5 9.O-O O-O 10.Bg5 c6 11.Qf3 Be7 12.h3 Rb8 13.Na4 Be6 14.Rad1 h6 
15.Be3 Qa5 16.b3 Rbd8 17.Qg3 d4 18.Bd2 Bb4 19.Bxb4 Qxb4 20.Qc7 Nd5 21.Qxc6
Rc8 22.Qa6 Qe7 23.Qa5 Nb4 24.Qe5 Rfd8 25.Qe4 Nxd3 26.Rxd3 Rxc2 27.Rxd4 
Rxa2 28.Rxd8+ Qxd8 29.Nc5 Bxh3 30.b4 Qg5 31.Re1 Rd2 32.Ra1 Rd4 33.Qa8+ Kh7
34.Kh2 Bxg2 35.Qxg2 Rh4+ 36.Kg1 Rg4 0-1

[Event "37th World U20 ch"]
[Site "Kozhikode IND"]
[Date "1998.11.29"]
[Round "12.32"]
[White "Stinis, Steven"]
[Black "Kosmac, Blazimir"]
[Result "1-0"]
[WhiteElo "2005"]
[BlackElo "2175"]
[EventDate "1998.11.17"]
[PlyCount "119"]

1.Nc3 c5 2.Nf3 Nc6 3.d4 cxd4 4.Nxd4 e6 5.Ndb5 d5 6.Bf4 Bb4 7.Nc7+ Kf8 8.
Nxa8 d4 9.a3 Be7 10.Na2 e5 11.Bd2 Bf5 12.g3 h5 13.h4 Qxa8 14.Bg2 Nh6 15.e4
Bg4 16.Bf3 a5 17.Bxh6 Rxh6 18.Bxg4 hxg4 19.Qxg4 b5 20.Nc1 d3 21.Nxd3 Nd4 
22.f3 Nxc2+ 23.Kd2 Nxa1 24.Rxa1 Qd8 25.Rc1 Re6 26.Ke2 Bf6 27.Rc2 Qb8 28.
Nc5 Qe8 29.Nxe6+ fxe6 30.Qh3 b4 31.Qf1 bxa3 32.bxa3 Be7 33.Qc1 Qa4 34.Rc3 
Qd4 35.Rc4 Qd6 36.a4 Qa6 37.Kf2 Qb6+ 38.Kg2 Kf7 39.Kh3 Qf2 40.Qh1 Bb4 41.
Qg2 Qe3 42.Kg4 Bd2 43.Qf1 Be1 44.Rc6 Qd2 45.Ra6 Kf6 46.Qc4 Qd7 47.Kh3 Qe7 
48.Qc1 Qb7 49.Rd6 Bb4 50.Rc6 Be7 51.Rc7 Qb4 52.Qg5+ Kf7 53.Rxe7+ Qxe7 54.
Qxe7+ Kxe7 55.Kg4 Kf6 56.h5 g5 57.h6 Kg6 58.h7 Kxh7 59.Kxg5 Kg7 60.g4 1-0

[Event "37th World U20 ch"]
[Site "Kozhikode IND"]
[Date "1998.11.29"]
[Round "12.35"]
[White "Dias, Paulo"]
[Black "Menon, R. Praveen"]
[Result "1/2-1/2"]
[WhiteElo "2295"]
[BlackElo "2005"]
[EventDate "1998.11.17"]
[PlyCount "94"]

1.Nf3 Nf6 2.g3 d5 3.Bg2 g6 4.O-O Bg7 5.d3 O-O 6.Nbd2 c5 7.e4 d4 8.Ne1 e5 
9.f4 Nc6 10.f5 Rb8 11.g4 g5 12.Nb3 Nd7 13.h4 h6 14.hxg5 hxg5 15.f6 Bxf6 
16.Qf3 Bg7 17.a4 f6 18.Bd2 a6 19.a5 Ne7 20.Qh3 Ng6 21.Nf3 Nf4 22.Bxf4 gxf4
23.Kf2 Qe8 24.Rh1 Qg6 25.Nh4 Qh6 26.Qf3 Kf7 27.Rh3 b5 28.Rah1 Ke8 29.c3 
Rg8 30.Qe2 Bf8 31.Bf3 Rb7 32.cxd4 exd4 33.Rc1 Ne5 34.Rhh1 Bxg4 35.Nf5 Qg5 
36.Bxg4 Nxg4+ 37.Ke1 Rc7 38.Nfxd4 Qe5 39.Nf3 Qd6 40.Rg1 Nh6 41.Rxg8 Nxg8 
42.Nh4 Qe5 43.Qf2 Kf7 44.Nf3 Qd6 45.Qc2 Qe6 46.Ke2 Bd6 47.Rh1 Kf8 1/2-1/2

[Event "37th World U20 ch"]
[Site "Kozhikode IND"]
[Date "1998.11.30"]
[Round "13.1"]
[White "Sasikiran, Krishnan"]
[Black "Sadvakasov, Darmen"]
[Result "1/2-1/2"]
[WhiteElo "2470"]
[BlackElo "2440"]
[EventDate "1998.11.17"]
[PlyCount "63"]

1.d4 Nf6 2.c4 e6 3.Nc3 Bb4 4.e3 c5 5.Bd3 d5 6.Ne2 cxd4 7.exd4 dxc4 8.Bxc4 
O-O 9.O-O Nc6 10.a3 Bxc3 11.bxc3 a6 12.a4 Re8 13.Bg5 h6 14.Bh4 e5 15.Qb3 
Qc7 16.Bxf6 gxf6 17.Qc2 Ne7 18.Bd3 Bg4 19.Ng3 exd4 20.h3 Be6 21.Qd2 Qa5 
22.Qxh6 Qg5 23.Qh7+ Kf8 24.cxd4 Red8 25.h4 Qg7 26.Qxg7+ Kxg7 27.Nh5+ Kh8 
28.Nxf6 Rxd4 29.Be4 Ng8 30.Bxb7 Rb8 31.Nxg8 Rxb7 32.Nf6 1/2-1/2

[Event "37th World U20 ch"]
[Site "Kozhikode IND"]
[Date "1998.11.30"]
[Round "13.2"]
[White "Zhang Zhong"]
[Black "Kobalia, Mikhail"]
[Result "1-0"]
[WhiteElo "2510"]
[BlackElo "2505"]
[EventDate "1998.11.17"]
[PlyCount "85"]

1.e4 c5 2.Nf3 e6 3.b3 b6 4.c4 Bb7 5.Nc3 Nc6 6.Bb2 e5 7.Be2 g6 8.O-O Bg7 9.
Ne1 Nge7 10.Nd5 Nd4 11.Nc2 O-O 12.f4 exf4 13.Nxd4 Bxd5 14.exd5 cxd4 15.Bd3
Be5 16.Qe1 Qc7 17.Qh4 f6 18.Ba3 Rf7 19.Rae1 Nf5 20.Bxf5 gxf5 21.Qh3 Rg7 
22.Qxf5 Kh8 23.Rf3 Rag8 24.Re2 Rg5 25.Qe4 d6 26.Rh3 Qf7 27.d3 Rg4 28.Bc1 
Qd7 29.Kf1 R8g5 30.Rf2 Kg8 31.Rhf3 Qf7 32.h3 Qh5 33.Qe2 Qh4 34.Bd2 Kf7 35.
a4 Rg8 36.Qe4 Rg3 37.Bxf4 Rxf3 38.Qxf3 a5 39.Bxe5 dxe5 40.Qf5 Rg3 41.d6 
Re3 42.Qd7+ Kg6 43.Qe8+ 1-0

[Event "37th World U20 ch"]
[Site "Kozhikode IND"]
[Date "1998.11.30"]
[Round "13.3"]
[White "Fedorchuk, Sergei"]
[Black "Salmensuu, Olli"]
[Result "0-1"]
[WhiteElo "2415"]
[BlackElo "2420"]
[EventDate "1998.11.17"]
[PlyCount "77"]

1.e4 c5 2.Nf3 d6 3.Bc4 Nf6 4.d3 g6 5.c3 Bg7 6.Nbd2 O-O 7.Bb3 b6 8.O-O Nc6 
9.Re1 Na5 10.Bc2 Bb7 11.Nf1 Qc7 12.Nh4 Rad8 13.f4 Nc6 14.Ne3 b5 15.Nf3 b4 
16.Bd2 bxc3 17.bxc3 e5 18.f5 d5 19.Qe2 c4 20.Nxd5 Nxd5 21.exd5 Na5 22.fxg6
hxg6 23.Nxe5 cxd3 24.Nxd3 Rxd5 25.Rad1 Rfd8 26.Nf4 Re5 27.Qf2 Nc4 28.Bc1 
Rde8 29.Bb3 Bf8 30.Kh1 Rxe1+ 31.Rxe1 Rxe1+ 32.Qxe1 Qc6 33.Qg3 Bg7 34.h4 
Qc5 35.Qg5 Qf2 36.Bxc4 Qe1+ 37.Kh2 Qxc1 38.Nxg6 Qxc3 39.Bxf7+ 0-1

[Event "37th World U20 ch"]
[Site "Kozhikode IND"]
[Date "1998.11.30"]
[Round "13.4"]
[White "Dao Thien Hai"]
[Black "Jenni, Florian"]
[Result "1-0"]
[WhiteElo "2580"]
[BlackElo "2430"]
[EventDate "1998.11.17"]
[PlyCount "57"]

1.d4 Nf6 2.c4 g6 3.Nc3 Bg7 4.e4 d6 5.Bg5 O-O 6.Be2 c5 7.d5 e6 8.Nf3 exd5 
9.cxd5 Re8 10.Nd2 a6 11.a4 Nbd7 12.O-O h6 13.Be3 Ne5 14.h3 Qe7 15.f4 Ned7 
16.Ra3 Nh7 17.Nc4 Qf8 18.Qc2 Rb8 19.a5 f5 20.exf5 gxf5 21.Bh5 Re7 22.Bf2 
Bxc3 23.Rxc3 Ndf6 24.Bf3 Ne4 25.Bxe4 Rxe4 26.Rg3+ Kf7 27.b4 cxb4 28.Ne5+ 
dxe5 29.Qc7+ 1-0

[Event "37th World U20 ch"]
[Site "Kozhikode IND"]
[Date "1998.11.30"]
[Round "13.5"]
[White "Banikas, Hristos"]
[Black "Blehm, Pawel"]
[Result "1-0"]
[WhiteElo "2490"]
[BlackElo "2420"]
[EventDate "1998.11.17"]
[PlyCount "197"]

1.d4 Nf6 2.c4 g6 3.Nc3 Bg7 4.e4 d6 5.f4 O-O 6.Nf3 c5 7.d5 b5 8.cxb5 a6 9.
a4 axb5 10.Bxb5 Ba6 11.Bd2 Bxb5 12.axb5 Rxa1 13.Qxa1 Nbd7 14.O-O Nb6 15.
Qa2 Qc7 16.Ra1 c4 17.h3 Qc5+ 18.Kh2 Nh5 19.Qb1 e6 20.dxe6 fxe6 21.Qg1 
Qxg1+ 22.Kxg1 d5 23.e5 Nxf4 24.Ra6 d4 25.Rxb6 dxc3 26.Bxc3 Ne2+ 27.Kf1 
Nxc3 28.bxc3 Bxe5 29.Rxe6 Bxc3 30.Rc6 Ba5 31.Rxc4 Rf5 32.Rc8+ Kg7 33.Rb8 
Rf4 34.Rb7+ Kh6 35.Ra7 Bb6 36.Ra6 Bd8 37.Rd6 Bc7 38.Rd5 Bb6 39.Ke2 Rb4 40.
Nd2 Rb2 41.Kd3 Ba5 42.Nc4 Rb3+ 43.Kd4 Be1 44.Kc5 Rg3 45.Re5 Bf2+ 46.Kc6 
Bg1 47.Re2 Rc3 48.Re4 Rg3 49.Rh4+ Kg5 50.Rxh7 Rxg2 51.b6 Rc2 52.Kd5 Rxc4 
53.Kxc4 Bxb6 54.Rg7 Bf2 55.Kd3 Be1 56.Ke2 Bc3 57.Rc7 Bb2 58.Rc4 Kf5 59.Kf3
Bf6 60.Rc5+ Ke6 61.Ke4 Bb2 62.Rc6+ Kf7 63.Kd5 Ba1 64.Re6 Bb2 65.Kd6 Ba3+ 
66.Kd7 Bb2 67.Re2 Ba1 68.Rf2+ Kg7 69.Ke6 Bc3 70.Rf7+ Kh6 71.Rc7 Bb2 72.Kf7
Kh5 73.Rc4 Ba1 74.Rg4 g5 75.Ke6 Bb2 76.Kf5 Bc1 77.Ke4 Bd2 78.Kf3 Bf4 79.
Kf2 Kh6 80.Kg1 Kg6 81.Kf1 Kh6 82.Rg2 Kh5 83.Rf2 Bd6 84.Rd2 Bf4 85.Rd4 Be3 
86.Re4 Bc1 87.Kg2 Bf4 88.Re8 Bd2 89.Rh8+ Kg6 90.Kf3 Bc1 91.Kg4 Kf6 92.Rh6+
Kf7 93.Kf5 Ke7 94.Re6+ Kd7 95.Kf6 Bb2+ 96.Kf7 Bc1 97.Re1 Bf4 98.Rd1+ Kc6 
99.Ke6 1-0

[Event "37th World U20 ch"]
[Site "Kozhikode IND"]
[Date "1998.11.30"]
[Round "13.6"]
[White "Soln, Primoz"]
[Black "Janssen, Ruud"]
[Result "0-1"]
[WhiteElo "2470"]
[BlackElo "2345"]
[EventDate "1998.11.17"]
[PlyCount "64"]

1.d4 Nf6 2.c4 e6 3.Nf3 b6 4.a3 Ba6 5.Qc2 c5 6.d5 exd5 7.cxd5 g6 8.Bf4 d6 
9.Nbd2 Bg7 10.e4 Bxf1 11.Kxf1 O-O 12.Nc4 Ne8 13.Qb3 Qe7 14.Re1 Nd7 15.h4 
Ne5 16.h5 Nxc4 17.Qxc4 Bxb2 18.e5 dxe5 19.Bxe5 Nd6 20.hxg6 Bxe5 21.gxh7+ 
Kh8 22.Qg4 f5 23.Qh5 Ne4 24.Nh4 Rf6 25.Nxf5 Qd7 26.Rxe4 Rxf5 27.Qe2 Qxd5 
28.Rh3 Raf8 29.f3 Bd4 30.g4 Re5 31.Rxe5 Qxe5 32.Qa2 Qe3 0-1

[Event "37th World U20 ch"]
[Site "Kozhikode IND"]
[Date "1998.11.30"]
[Round "13.7"]
[White "Sandipan, Chanda"]
[Black "Nataf, Igor-Alexandre"]
[Result "1-0"]
[WhiteElo "2305"]
[BlackElo "2485"]
[EventDate "1998.11.17"]
[PlyCount "89"]

1.e4 g6 2.d4 Bg7 3.Nc3 d6 4.Nf3 Nf6 5.Be2 O-O 6.O-O c6 7.h3 Nbd7 8.e5 Ne8 
9.Bc4 d5 10.Be2 f6 11.exf6 exf6 12.Bf4 Rf7 13.Bd3 Nf8 14.Qd2 Ne6 15.Bg3 
Nd6 16.Rfe1 Re7 17.Re2 Nf7 18.Rae1 Bh6 19.Qd1 b5 20.h4 Re8 21.h5 g5 22.Nh2
Bd7 23.Ng4 Ng7 24.Rxe8+ Nxe8 25.Qf3 Bg7 26.Nd1 Nh6 27.Nxh6+ Bxh6 28.Ne3 
Ng7 29.Ng4 Bxg4 30.Qxg4 Qc8 31.Qxc8+ Rxc8 32.Re7 a5 33.Bc7 a4 34.g4 Re8 
35.Rd7 Re6 36.Kg2 Re8 37.Ba5 Re6 38.Rc7 f5 39.gxf5 Rf6 40.Rc8+ Kf7 41.Bd8 
Rxf5 42.Bxf5 Nxf5 43.Rxc6 Bg7 44.c3 g4 45.Rc8 1-0

[Event "37th World U20 ch"]
[Site "Kozhikode IND"]
[Date "1998.11.30"]
[Round "13.8"]
[White "Socko, Bartosz"]
[Black "Neelotpal, Das"]
[Result "1-0"]
[WhiteElo "2475"]
[BlackElo "2405"]
[EventDate "1998.11.17"]
[PlyCount "115"]

1.g3 f5 2.Bg2 Nf6 3.Nf3 d6 4.d3 g6 5.O-O Bg7 6.Nc3 O-O 7.e4 e5 8.exf5 Bxf5
9.Nh4 Bg4 10.f3 Be6 11.f4 exf4 12.Bxf4 c6 13.Qd2 d5 14.Rae1 Na6 15.d4 Bg4 
16.Be5 Nc7 17.Rf2 Nce8 18.Qg5 Bd7 19.Ref1 Be6 20.Re2 Nd7 21.Qxd8 Rxf1+ 22.
Bxf1 Rxd8 23.Bxg7 Nxg7 24.Nd1 Bg4 25.Re1 Re8 26.Rxe8+ Nxe8 27.Ne3 Be6 28.
Nf3 h6 29.Bd3 Kg7 30.Kf2 Nd6 31.c3 Nf6 32.Ne5 Nfe4+ 33.Ke2 g5 34.a3 Kf6 
35.Bc2 Kg7 36.Bb1 Kf6 37.Bd3 Kg7 38.Nf1 Nf6 39.Ne3 Nfe4 40.a4 Kf6 41.a5 a6
42.g4 Kg7 43.Ke1 Kf6 44.Nf1 Ke7 45.Nd2 Nxd2 46.Kxd2 Nf7 47.Ng6+ Kf6 48.h3 
h5 49.gxh5 Bxh3 50.Ne5 Nxe5 51.dxe5+ Kxe5 52.h6 Kf6 53.b4 g4 54.Bf5 Bf1 
55.Bxg4 Kg6 56.Ke3 Kxh6 57.Kd4 Kg5 58.Bc8 1-0

[Event "37th World U20 ch"]
[Site "Kozhikode IND"]
[Date "1998.11.30"]
[Round "13.9"]
[White "Vuckovic, Bojan"]
[Black "Florean, Andrei"]
[Result "1/2-1/2"]
[WhiteElo "2435"]
[BlackElo "2450"]
[EventDate "1998.11.17"]
[PlyCount "50"]

1.e4 c5 2.Nf3 d6 3.d4 cxd4 4.Nxd4 Nf6 5.Nc3 a6 6.Bg5 Nc6 7.Qd2 e6 8.O-O-O 
h6 9.Nxc6 bxc6 10.Bf4 d5 11.Qe3 Be7 12.Be2 Qa5 13.Qg3 g5 14.Be5 Rg8 15.
Rhe1 Ra7 16.exd5 cxd5 17.Bf3 Kf8 18.Qh3 Rg6 19.Bg4 Rb7 20.b3 h5 21.Be2 g4 
22.Qg3 Nd7 23.Bd6 Bxd6 24.Qxd6+ Kg8 25.Kb2 Qc5 1/2-1/2

[Event "37th World U20 ch"]
[Site "Kozhikode IND"]
[Date "1998.11.30"]
[Round "13.11"]
[White "Laxman, Rajaram"]
[Black "Kalod, Radek"]
[Result "0-1"]
[WhiteElo "2225"]
[BlackElo "2435"]
[EventDate "1998.11.17"]
[PlyCount "81"]

1.d4 Nf6 2.c4 g6 3.Nc3 d5 4.cxd5 Nxd5 5.e4 Nxc3 6.bxc3 Bg7 7.Nf3 c5 8.Rb1 
O-O 9.Be2 cxd4 10.cxd4 Qa5+ 11.Bd2 Qxa2 12.O-O b6 13.Qc1 Qe6 14.Ng5 Qd7 
15.Rd1 Ba6 16.Bxa6 Nxa6 17.Qa3 Nc7 18.d5 Nb5 19.Qd3 a6 20.f4 Rfd8 21.Rbc1 
Rac8 22.e5 Rxc1 23.Bxc1 Qf5 24.Ne4 f6 25.d6 Qe6 26.Qe3 fxe5 27.Qxb6 Rf8 
28.Nc5 Qg4 29.Re1 exd6 30.Nxa6 Nd4 31.h3 Qh4 32.Qa5 exf4 33.Qd5+ Kh8 34.
Re4 Qg3 35.Qxd6 Qd3 36.Qe7 Qxa6 37.Bxf4 Nf5 38.Qc7 Qd3 39.Qb7 Qd1+ 40.Kh2 
Qd8 41.g4 0-1

[Event "37th World U20 ch"]
[Site "Kozhikode IND"]
[Date "1998.11.30"]
[Round "13.14"]
[White "Kidambi, Sundararajan"]
[Black "Abbasov, Farid"]
[Result "1/2-1/2"]
[WhiteElo "2285"]
[BlackElo "2290"]
[EventDate "1998.11.17"]
[PlyCount "52"]

1.d4 d6 2.Nf3 Nf6 3.c4 g6 4.Nc3 Bg7 5.e4 O-O 6.Be2 e5 7.Be3 Ng4 8.Bg5 f6 
9.Bh4 Nc6 10.d5 Ne7 11.Nd2 h5 12.b4 Nh6 13.f3 g5 14.Bf2 f5 15.c5 Ng6 16.
Nc4 Nf4 17.cxd6 cxd6 18.Nb5 b6 19.O-O g4 20.fxg4 Nxe2+ 21.Qxe2 Nxg4 22.
Nbxd6 b5 23.Nxb5 Ba6 24.a4 Bxb5 25.axb5 Nxf2 26.Rxf2 fxe4 1/2-1/2

[Event "37th World U20 ch"]
[Site "Kozhikode IND"]
[Date "1998.11.30"]
[Round "13.15"]
[White "Mirzoev, Azer"]
[Black "Ippolito, Dean"]
[Result "1/2-1/2"]
[WhiteElo "2445"]
[BlackElo "2430"]
[EventDate "1998.11.17"]
[PlyCount "54"]

1.c4 e6 2.Nf3 Nf6 3.g3 d5 4.Bg2 Be7 5.O-O O-O 6.b3 b6 7.Bb2 Bb7 8.e3 Nbd7 
9.Nc3 c5 10.Qe2 Qc7 11.d3 Rac8 12.e4 dxe4 13.dxe4 Rfd8 14.h3 a6 15.e5 Bxf3
16.Qxf3 Nxe5 17.Qb7 Qxb7 18.Bxb7 Nd3 19.Ba3 b5 20.cxb5 axb5 21.Nxb5 Rb8 
22.Ba6 Rb6 23.Nc7 Nxf2 24.Rxf2 Rc6 25.Bb7 Rxc7 26.Bf3 Nd5 27.Bb2 c4 
1/2-1/2